000 01318cam a22002891i 4500
003 SA-RiAUC
005 20250121122033.0
008 250119s2008 su g 00000 ara c
020 _a9786030007059
040 _aSA-RiIMS
_bara
_cSA-RiAUC
_erda
043 _aa-su---
082 0 4 _a253.1
090 _a253.1
_b ح و ي
100 1 _aالحويس، صالح بن سليمان بن حمد،
_d1965-
_eمؤلف.
245 1 0 _aأحكام عقد الحكر في الفقه الإسلامي مقارنا بما عليه العمل في المملكة العربية السعودية /
_cإعداد صالح بن سليمان بن حمد الحويس.
250 _aالطبعة الأولى.
264 1 _aمكة المكرمة :
_aعمان، الأردن :
_bالمكتبة المكية للنشر والتوزيع ؛
_bدار عمار للنشر والتوزيع،
_c2008
300 _a576 صفحة ؛
_c24 سم
336 _aنص
_btxt
_2rdacontent
_3كتاب
337 _aبدون وسيط
_bn
_2rdamedia
338 _aمجلد
_bnc
_2rdacarrier
650 7 _aالعقود (فقه إسلامي)
_2aucsh
650 7 _aالمعاملات (فقه إسلامي)
_2aucsh
650 7 _aالعقود (قانون مدني)
_zالسعودية
_2aucsh
942 _2ddc
_cBOOK
_n0
949 _aSA-JeALM
_d250119
_uosman123
_n1
999 _c5067
_d5067